000
00300nam a22001337a 4500
008
170324b xxu||||| |||| 00| 0 eng d
020
_a
9780787964276
041
_a
eng
080
_2
3 RED
_a
615.83
100
_a
8
101
_a
SHM
245
_a
REFRAMING ORGANIZATIONS
_c
BOLMAN.L.G
942
_2
udc
_c
BK
999
_c
8542
_d
8542